000 00694nam a2200277Ia 4500
005 20260324134747.0
008 008 260324s9999 xx 000 0 eng d
020 _a9781315042572
037 _aEBOOK
040 _aCRL
040 _beng
040 _cCRL
041 _2eng
041 _aeng
084 _qCRL
100 _aKate Everall; Chris Baker; Franklin Hartle
_91198049
245 0 _aGetting the Best Out of Performance Management in Your School
260 _bTaylor and Francis
260 _c2001
365 _a
365 _b87.99
856 _uhttp://www.taylorfrancis.com/books/9781315042572
942 _cEBOOK
999 _c1798454
_d1798454